| 000 | 006370000a22002170004500 | ||
|---|---|---|---|
| 003 | LK-CoMWRAF | ||
| 005 | 20231020101351.0 | ||
| 008 | 230817t ||||| |||| 00| 0 eng d | ||
| 040 |
_aLK-CoMWRAF _dLK-CoMWRAF _eLK-CoMWRAF |
||
| 041 | _aeng | ||
| 082 |
_a261.27 _bAZI |
||
| 100 | _aAziz-us-Samad, Ulfat | ||
| 245 | _aIslam and Christianity | ||
| 260 |
_aSaudi Arabia : _bPresidency of Islamic research IFTA and propagation, _c1984 |
||
| 300 | _a90p | ||
| 650 | _aIslam | ||
| 650 | _aChristian | ||
| 650 | _a Religion - Christianity | ||
| 650 | _aReligion - Islam - Comparative Religion and Religious Controversies | ||
| 942 | _cBK | ||
| 999 |
_c2005 _d2005 |
||